Bảo hiểm và giám định hàng hoá xuất nhập khẩu vận chuyển bằng đường biển

Đã lưu trong:
Chi tiết về thư mục
Tác giả chính: Đỗ Hữu Vinh
Định dạng: Sách
Ngôn ngữ:Vietnamese
Được phát hành: Tài chính 2003
Các nhãn: Thêm thẻ
Không có thẻ, Là người đầu tiên thẻ bản ghi này!
Thư viện lưu trữ: Mạng thư viện Đại học Đà Nẵng
LEADER 00689nam a2200253 4500
001 000021392
003 17840
005 20150420100443.0
008 150420s2003 viesd
020 |c 58000 
041 0 |a vie 
082 1 4 |a 368.22  |b ĐÔ-V 
100 1 |a Đỗ Hữu Vinh 
245 1 0 |a Bảo hiểm và giám định hàng hoá xuất nhập khẩu vận chuyển bằng đường biển  |c Đỗ Hữu Vinh 
260 |b Tài chính  |c 2003 
300 |a tr.  |c cm. 
OWN |a LSP 
999 |a From the UDN01 
TYP |a Monograph 
TYP |a Printed language 
980 |a Mạng thư viện Đại học Đà Nẵng